La ciudad : (Registro nro. 959)

Detalles MARC
000 -LEADER
campo de control de longitud fija 04582nam a2200553 i 4500
001 - NÚMERO DE CONTROL
campo de control 959
003 - IDENTIFICADOR DE NÚMERO DE CONTROL
campo de control gtuscu
005 - FECHA Y HORA DE LA ÚLTIMA TRANSACCIÓN
campo de control 20260319160016.0
007 - CAMPO FIJO DE DESCRIPCIÓN FÍSICA--INFORMACIÓN GENERAL
campo de control de longitud fija ta
008 - DATOS DE LONGITUD FIJA--INFORMACIÓN GENERAL
campo de control de longitud fija 250812e2012 gt d|||| |||| 00| 0 spa d
020 ## - NÚMERO INTERNACIONAL ESTÁNDAR DEL LIBRO
Número Internacional Estándar del Libro 9789929592063
040 ## - FUENTE DE CATALOGACIÓN
Centro catalogador/agencia de origen gtuscu
Lengua de catalogación spa
Centro/agencia transcriptor gtuscu
Centro/agencia modificador gtuscu
Normas de descripción rda
082 04 - NÚMERO DE LA CLASIFICACIÓN DECIMAL DEWEY
Número de clasificación CEUR 711 C581
245 1# - MENCIÓN DEL TÍTULO
Título La ciudad :
Resto del título antecedentes y nuevas perspectivas /
Mención de responsabilidad, etc. compilador y editor Luis Rafael Valladares Vielman ; autora Gabriela de la Peña ; autora Marta Rizo ; autor Alfredo Rubio Díaz ; autora Susana Díaz Ruíz ; autor Julio Alguacil Gómez ; autores Paolo Groppo y Paolo Toselli ; autor Artemio Baigorri ; autores Jordi Borja y Manuel Castells ; autor Jordi Borja.
264 1# - PRODUCCIÓN, PUBLICACIÓN, DISTRIBUCIÓN, FABRICACIÓN Y COPYRIGHT
Producción, publicación, distribución, fabricación y copyright Guatemala :
Nombre del de productor, editor, distribuidor, fabricante Universidad de San Carlos de Guatemala, Centro de Estudios Urbanos y Regionales,
Fecha de producción, publicación, distribución, fabricación o copyright 2012.
300 ## - DESCRIPCIÓN FÍSICA
Extensión 371 páginas :
Otras características físicas gráficas ;
Dimensiones 21 cm
336 ## - TIPO DE CONTENIDO
Fuente rdacontenido
Término de tipo de contenido texto
Código de tipo de contenido txt
337 ## - TIPO DE MEDIO
Fuente rdamedio
Nombre/término del tipo de medio sin mediación
Código del tipo de medio n
338 ## - TIPO DE SOPORTE
Fuente rdasoporte
Nombre/término del tipo de soporte volumen
Código del tipo de soporte nc
500 ## - NOTA GENERAL
Nota general La presente compilación, es un esfuerzo para apoyar a la docencia universitaria partiendo de la experiencia de los profesores del Centro de Estudios Urbanos y regionales CEUR. Sin embargo el uso del presente texto se puede ampliar a todos los interesados en el "ser" y "debe ser" de la "ciudad". Ha sido elaborada considentenado los temas debatidos en la academia sobre: el desarrollo y las perspectivas de la ciudad, en consonancia con los cambios profundos que se viven actualmente en este campo de estudios.
505 0# - NOTA DE CONTENIDO CON FORMATO
Información miscelánea Presentación
505 0# - NOTA DE CONTENIDO CON FORMATO
Información miscelánea Introducción
505 0# - NOTA DE CONTENIDO CON FORMATO
Mención de responsabilidad Gabriela de la Peña
Título 1. Simmel y la Escuela de Chicago en torno a los espacios públicos en la ciudad --
505 0# - NOTA DE CONTENIDO CON FORMATO
Mención de responsabilidad Marta Rizo
Título 2. Concepto para pensar lo urbano. el abordaje de la ciudad desde la identidad, El habitus y las representaciones sociales --
505 0# - NOTA DE CONTENIDO CON FORMATO
Mención de responsabilidad Alfredo Rubio Díaz
Título 3. La ciudad actual como objeto de reflexión y análisis --
505 0# - NOTA DE CONTENIDO CON FORMATO
Mención de responsabilidad Susana Díaz Ruíz
Título 4. La ciudad como espacio social de convivencia --
505 0# - NOTA DE CONTENIDO CON FORMATO
Mención de responsabilidad Julio Alguacil Gómez
Título 5. Metrópoli versus ciudad --
505 0# - NOTA DE CONTENIDO CON FORMATO
Mención de responsabilidad Paolo Groppo y Paolo Toselli
Título 6. Desde la ciudad al territorio: la nueva problemática periurbana --
505 0# - NOTA DE CONTENIDO CON FORMATO
Mención de responsabilidad Artemio Baigorri
Título 7. Espacios naturales y ordenación del territorio --
505 0# - NOTA DE CONTENIDO CON FORMATO
Mención de responsabilidad Artemio Baigorri
Título 8. Género y espacio. Segregación social vs. Segregación espacial --
505 0# - NOTA DE CONTENIDO CON FORMATO
Mención de responsabilidad Axel Borsdorf
Título 9. Hacia la ciudad fragmentada. Tempranas estructuras segregadas en la ciudad Latinoamericana --
505 0# - NOTA DE CONTENIDO CON FORMATO
Mención de responsabilidad Jordi Borja y Manuel Castells
Título 10. La ciudad multicultural --
505 0# - NOTA DE CONTENIDO CON FORMATO
Mención de responsabilidad Jordi Borja
Título 11. Para reconstruir un discurso ético sobre la ciudad. Entrevista a Jordi Borja.
520 3# - RESUMEN, ETC.
Sumario, etc. "...una ciudad es siempre una ciudad", al margen de su situación en el tiempo y en el espacio. Lo que no quiere decir en absoluto que todas las ciudades se parezcan. Pero, por encima de rasgos muy diversos, originales, hablan todas obligatoriamente un mismo lenguaje fundamental, el diálogo ininterrumpido con los campos, primera necesidad de la vida cotidiana; el abastecimiento de hombres, tan indispensable como el agua para la rueda del molino; la actitud distante de las ciudades, su voluntad de distinguirse de las demás; su situación obligatoria en el centro de redes de comunicaciones más o menos lejanas; su articulación respecto a sus arrabales y a las demás ciudades. Pues una ciudad jamás se presenta sin el acompañamiento de otras ciudades. Unas ocupan un lugar preeminente, otras cumplen una función de siervas o incluso de esclavas, pero todas están íntimamente relacionadas, forman una jerarquía, tanto en Europa como en China, o en cualquier parte."Fernand Braudel, Civilización material, economía y capitalismo, siglos XV-XVIII, tomo 1 – Las estructuras de lo cotidiano: lo posible y lo imposible (Madrid: Alianza, 1984), p. 420.
650 14 - PUNTO DE ACCESO ADICIONAL DE MATERIA--TÉRMINO DE MATERIA
Fuente del encabezamiento o término LEMB
Término de materia o nombre geográfico como elemento de entrada Urbanismo
650 14 - PUNTO DE ACCESO ADICIONAL DE MATERIA--TÉRMINO DE MATERIA
Fuente del encabezamiento o término LEMB
Término de materia o nombre geográfico como elemento de entrada Espacio urbano
650 14 - PUNTO DE ACCESO ADICIONAL DE MATERIA--TÉRMINO DE MATERIA
Fuente del encabezamiento o término LEMB
Término de materia o nombre geográfico como elemento de entrada Urbanismo
Subdivisión geográfica Latinoamérica
650 14 - PUNTO DE ACCESO ADICIONAL DE MATERIA--TÉRMINO DE MATERIA
Fuente del encabezamiento o término LEMB
Término de materia o nombre geográfico como elemento de entrada ordenamiento territorial
650 14 - PUNTO DE ACCESO ADICIONAL DE MATERIA--TÉRMINO DE MATERIA
Fuente del encabezamiento o término LEMB
Término de materia o nombre geográfico como elemento de entrada Urbanismo
Subdivisión de forma multicultural
700 1# - ENTRADA AGREGADA--NOMBRE PERSONAL
Nombre de persona Valladares Vielman, Luis Rafael
Fechas asociadas al nombre 1970- ;
Término indicativo de función/relación compilador y editor
9 (RLIN) 1
700 1# - ENTRADA AGREGADA--NOMBRE PERSONAL
Nombre de persona Rizo, Marta
Término indicativo de función/relación autora
700 1# - ENTRADA AGREGADA--NOMBRE PERSONAL
Nombre de persona Rubio Díaz, Alfredo
Término indicativo de función/relación autor
700 1# - ENTRADA AGREGADA--NOMBRE PERSONAL
Nombre de persona Díaz Ruíz, Susana
Término indicativo de función/relación autora
700 1# - ENTRADA AGREGADA--NOMBRE PERSONAL
Nombre de persona Alguacil Gómez, Julio
Término indicativo de función/relación autor
700 1# - ENTRADA AGREGADA--NOMBRE PERSONAL
Nombre de persona Groppo, Paolo y Toselli, Paolo
Término indicativo de función/relación autores
700 1# - ENTRADA AGREGADA--NOMBRE PERSONAL
Nombre de persona Baigorri, Artemio
Término indicativo de función/relación autor
700 1# - ENTRADA AGREGADA--NOMBRE PERSONAL
Nombre de persona Borja, Jordi y Castells, Manuel
Término indicativo de función/relación autores
942 ## - ELEMENTOS DE ENTRADA SECUNDARIOS (KOHA)
Fuente de la clasificación o esquema de estantería Clasificación Decimal Dewey
Tipo de ítem Koha Libros
Parte de la signatura que corresponde a la clasificación (Parte de la clasificación) CEUR 711 C581
Suprimir en OPAC No
Existencias
Estatus retirado Estado de pérdida Fuente de la clasificación o esquema de estantería Estado de daño No para préstamo Colección Biblioteca de origen Biblioteca actual Fecha de adquisición Fuente de adquisición Número de inventario Total de préstamos Signatura topográfica completa Código de barras Visto por última vez Tipo de ítem Koha Nota pública
    Clasificación Decimal Dewey     general BIBLIOTECA CEUR FLAVIO QUESADA SALDAÑA BIBLIOTECA CEUR FLAVIO QUESADA SALDAÑA 26/09/2018 Donación CEUR 16H-13655-2711/18   CEUR 711 C581 BFQS00051 12/08/2025 Libros Disponible